[Event "Miedzynarodowy Turniej Szachowy w Kowale"]
[Site "UKS Orlik Kowalewo Pomorskie"]
[Date "2008.07.06"]
[Round "3.4"]
[White "Tarkowski, Michal"]
[Black "Murawski, Wieslaw"]
[Result "0-1"]
[WhiteElo "2073"]
[BlackElo "2097"]
[PlyCount "52"]
[EventDate "2008.??.??"]

1. d4 Nf6 2. c4 g6 3. Nc3 Bg7 4. Nf3 d6 5. Bg5 O-O 6. e3 h6 7. Bh4 Bf5 8. Bd3
Bxd3 9. Qxd3 g5 10. Bg3 Nh5 11. O-O e6 12. Qe2 f5 13. Rfd1 Nd7 14. Nd2 Nxg3 15.
hxg3 Qe7 16. Nf3 Rae8 17. e4 f4 18. g4 Qf7 19. Rac1 h5 20. gxh5 g4 21. Nh2 f3
22. Qf1 Qxh5 23. Rd3 Bh6 24. Rc2 Re7 25. Qd1 Bf4 26. Nxg4 Rh7 0-1

[Event "Miedzynarodowy Turniej Szachowy w Kowale"]
[Site "UKS Orlik Kowalewo Pomorskie"]
[Date "2008.07.06"]
[Round "3.5"]
[White "Rogala, Robert"]
[Black "Paprocki, Jaroslaw"]
[Result "1/2-1/2"]
[WhiteElo "2007"]
[BlackElo "2218"]
[PlyCount "60"]
[EventDate "2008.??.??"]

1. d4 Nf6 2. c4 e6 3. Nc3 Bb4 4. e3 O-O 5. Bd2 d5 6. Nf3 b6 7. cxd5 exd5 8. Be2
Bb7 9. O-O Nbd7 10. Qa4 Bxc3 11. Bxc3 c5 12. Rfd1 Qc7 13. dxc5 bxc5 14. Rac1
Ne4 15. Ba5 Nb6 16. Qa3 Rac8 17. Nd4 Qb8 18. Nb3 Nd7 19. f3 c4 20. fxe4 cxb3
21. Bb4 Rxc1 22. Rxc1 Rc8 23. Rd1 Nf6 24. Bd6 Qa8 25. e5 Ne4 26. Bg4 Rc2 27.
Qxb3 Rc4 28. Be7 Rc7 29. Bd6 Rc4 30. Be7 Rc7 1/2-1/2

[Event "Miedzynarodowy Turniej Szachowy w Kowale"]
[Site "UKS Orlik Kowalewo Pomorskie"]
[Date "2008.07.06"]
[Round "3.6"]
[White "Wisniewski, Adam"]
[Black "Nguyen, Piotr"]
[Result "0-1"]
[WhiteElo "2090"]
[BlackElo "2329"]
[PlyCount "50"]
[EventDate "2008.??.??"]

1. e4 e6 2. d4 d5 3. e5 c5 4. c3 Nc6 5. Nf3 Qb6 6. Be2 Nh6 7. b3 cxd4 8. cxd4
Nf5 9. Bb2 Bb4+ 10. Kf1 O-O 11. Nc3 f6 12. exf6 Rxf6 13. Qd3 Bd7 14. Na4 Qc7
15. Nc5 Raf8 16. a3 Ba5 17. b4 Bb6 18. g3 Be8 19. Kg2 Bg6 20. Qd1 Bh5 21. Rf1
a5 22. bxa5 Nxa5 23. Rc1 Nc4 24. Rxc4 dxc4 25. Ne5 Ne3+ 0-1

[Event "Miedzynarodowy Turniej Szachowy w Kowale"]
[Site "UKS Orlik Kowalewo Pomorskie"]
[Date "2008.07.06"]
[Round "3.7"]
[White "Jaroch, Pawel"]
[Black "Zurkowski, Andrzej"]
[Result "1-0"]
[WhiteElo "2255"]
[BlackElo "2062"]
[PlyCount "103"]
[EventDate "2008.??.??"]

1. d4 g6 2. c4 Bg7 3. Nc3 d6 4. Nf3 Nf6 5. e4 O-O 6. Be2 Bg4 7. Be3 h6 8. Qd2
Kh7 9. h3 Bxf3 10. Bxf3 Nbd7 11. g4 Ne8 12. h4 c6 13. Be2 f6 14. f4 e6 15. f5
Qe7 16. Bxh6 Bxh6 17. g5 exf5 18. exf5 fxg5 19. hxg5 Rxf5 20. gxh6 Nc7 21.
O-O-O Raf8 22. Rdg1 R5f6 23. Bd3 d5 24. Rxg6 Rxg6 25. Bxg6+ Kh8 26. cxd5 cxd5
27. Bc2 Nb6 28. Qd3 Qf7 29. Kb1 Ne6 30. Rg1 Nf4 31. Qg3 Rg8 32. Qxg8+ Qxg8 33.
Rxg8+ Kxg8 34. Nb5 Nc8 35. Bf5 Ne7 36. Nd6 Nxf5 37. Nxf5 Kh7 38. Kc2 Kg6 39.
Nd6 Kxh6 40. a4 Kg6 41. Nxb7 Ne2 42. Kd3 Nc1+ 43. Kd2 Na2 44. Na5 Kf6 45. Nc6
Ke6 46. b4 Kd6 47. b5 a6 48. Kc2 axb5 49. axb5 Kc7 50. Kb2 Kb6 51. Kxa2 Kxb5
52. Ne5 1-0

[Event "Miedzynarodowy Turniej Szachowy w Kowale"]
[Site "UKS Orlik Kowalewo Pomorskie"]
[Date "2008.07.06"]
[Round "3.8"]
[White "Krzywkowski, Marcin"]
[Black "Zielinski, Stanislaw"]
[Result "0-1"]
[WhiteElo "1909"]
[BlackElo "2145"]
[PlyCount "48"]
[EventDate "2008.??.??"]

1. e4 c6 2. d4 d5 3. Nc3 g6 4. Be3 Bg7 5. Be2 dxe4 6. Nxe4 Nd7 7. c4 Ngf6 8.
Nc3 O-O 9. h3 e5 10. Nf3 exd4 11. Bxd4 Re8 12. O-O b6 13. b4 c5 14. bxc5 bxc5
15. Be3 Bb7 16. Rb1 Bc6 17. Qc2 Ne4 18. Nd5 Nb6 19. Nxb6 axb6 20. Bd3 Ba4 21.
Qe2 Nc3 22. Qd2 Nxb1 23. Rxb1 Bc6 24. Qe2 Bxf3 0-1

[Event "Miedzynarodowy Turniej Szachowy w Kowale"]
[Site "UKS Orlik Kowalewo Pomorskie"]
[Date "2008.07.06"]
[Round "3.9"]
[White "Krasiewicz, Robert"]
[Black "Zebracki, Jaroslaw"]
[Result "1-0"]
[WhiteElo "2136"]
[BlackElo "1906"]
[PlyCount "69"]
[EventDate "2008.??.??"]

1. d4 e6 2. Nf3 d5 3. c4 Nf6 4. Nc3 Be7 5. Qc2 O-O 6. e3 c5 7. b3 cxd4 8. exd4
Nc6 9. Be3 Qa5 10. Bd2 Qd8 11. c5 b6 12. Na4 Bd7 13. Ba6 Rb8 14. Bd3 b5 15. Nb2
h6 16. O-O Qc7 17. Rfe1 Rfe8 18. Qc1 Bf8 19. Bf4 e5 20. Nxe5 Rb7 21. Ng6 Rxe1+
22. Qxe1 Qc8 23. Nxf8 Qxf8 24. Bd6 Qe8 25. Qe3 Ng4 26. Qf4 g5 27. Qd2 Nxd4 28.
Re1 Be6 29. Bb1 Nc6 30. Qxd5 Re7 31. Qd1 Bxb3 32. Rxe7 Qxe7 33. axb3 Qf6 34.
Qxg4 Qxb2 35. Qc8+ 1-0

[Event "Miedzynarodowy Turniej Szachowy w Kowale"]
[Site "UKS Orlik Kowalewo Pomorskie"]
[Date "2008.07.06"]
[Round "3.10"]
[White "Marchlewicz, Kamil"]
[Black "Flazinski, Jozef"]
[Result "1-0"]
[WhiteElo "2045"]
[BlackElo "2036"]
[PlyCount "63"]
[EventDate "2008.??.??"]

1. Nf3 Nf6 2. d3 g6 3. g3 Bg7 4. Bg2 d6 5. O-O O-O 6. e4 Nc6 7. Nc3 Bg4 8. h3
Bxf3 9. Qxf3 Nd4 10. Qd1 e5 11. Ne2 Ne6 12. Kh2 c6 13. f4 exf4 14. Nxf4 Nxf4
15. Bxf4 Nh5 16. c3 f5 17. exf5 Rxf5 18. Qb3+ Kh8 19. Be4 Rb5 20. Qc2 Nxf4 21.
Rxf4 Be5 22. Rf7 Qg5 23. Qf2 h5 24. d4 Bg7 25. a4 Rb6 26. h4 Qg4 27. a5 Rb5 28.
Bd3 Rd5 29. Re1 Rxa5 30. Ree7 Rf5 31. Bxf5 gxf5 32. Rxg7 1-0

[Event "Miedzynarodowy Turniej Szachowy w Kowale"]
[Site "UKS Orlik Kowalewo Pomorskie"]
[Date "2008.07.06"]
[Round "3.11"]
[White "Staroszczyk, Mateusz"]
[Black "Kobus, Maciej"]
[Result "1/2-1/2"]
[WhiteElo "2027"]
[BlackElo "2004"]
[PlyCount "71"]
[EventDate "2008.??.??"]

1. d4 Nf6 2. Bg5 d5 3. Nc3 c6 4. Qd2 Bf5 5. f3 Nbd7 6. O-O-O Qa5 7. g4 Bg6 8.
Bxf6 gxf6 9. h4 h5 10. g5 O-O-O 11. Bh3 Kb8 12. Bxd7 Rxd7 13. Nh3 fxg5 14. hxg5
Bg7 15. Nf4 e5 16. Nxg6 fxg6 17. e3 exd4 18. exd4 Qc7 19. Rde1 Re7 20. Rxe7
Qxe7 21. Re1 Qf7 22. Qe3 h4 23. f4 Rf8 24. Ne2 Re8 25. Qf2 h3 26. Rh1 Qe6 27.
Kd2 b6 28. Qf3 Rh8 29. Rh2 c5 30. c3 cxd4 31. cxd4 Qd7 32. b3 Qf5 33. Qd3 Qe6
34. Qe3 Qd7 35. Qd3 Qe6 36. Qe3 1/2-1/2

[Event "Miedzynarodowy Turniej Szachowy w Kowale"]
[Site "UKS Orlik Kowalewo Pomorskie"]
[Date "2008.07.06"]
[Round "3.12"]
[White "Plichta, Kamil"]
[Black "Klugiewicz, Jozef"]
[Result "1-0"]
[WhiteElo "2014"]
[BlackElo "1999"]
[PlyCount "59"]
[EventDate "2008.??.??"]

1. b3 Nf6 2. Bb2 d5 3. e3 c6 4. Be2 Qc7 5. Nf3 Nbd7 6. c4 dxc4 7. bxc4 e5 8. d4
exd4 9. exd4 Bb4+ 10. Nc3 Ne4 11. Qc2 Nxc3 12. Bxc3 Bxc3+ 13. Qxc3 O-O 14. O-O
Nf6 15. Bd3 Bg4 16. Ne5 Be6 17. f4 Rad8 18. Rad1 Rfe8 19. f5 Bc8 20. Rfe1 h6
21. Bc2 b6 22. g4 Rxe5 23. dxe5 Nxg4 24. Qg3 h5 25. h3 Rxd1 26. Rxd1 Nf6 27.
Rd6 Ne8 28. f6 Be6 29. Qg5 Kf8 30. Rd8 1-0

[Event "Miedzynarodowy Turniej Szachowy w Kowale"]
[Site "UKS Orlik Kowalewo Pomorskie"]
[Date "2008.07.06"]
[Round "3.13"]
[White "Sankiewicz, Grzegorz"]
[Black "Kubicki, Marek"]
[Result "0-1"]
[WhiteElo "2002"]
[BlackElo "2154"]
[PlyCount "128"]
[EventDate "2008.??.??"]

1. d4 d5 2. Nf3 Nf6 3. g3 Bf5 4. Nbd2 e6 5. Bg2 c5 6. O-O Nc6 7. c3 Bd6 8. dxc5
Bxc5 9. Nb3 Bd6 10. Bg5 h6 11. Be3 O-O 12. a4 Ne4 13. Nfd4 Bg6 14. Nxc6 bxc6
15. f3 Nf6 16. Nc5 Qe7 17. b4 e5 18. Qd2 Rfd8 19. a5 Bxc5 20. Bxc5 Qc7 21. Bf2
Ne8 22. f4 e4 23. Bd4 f5 24. Be5 Qd7 25. Qd4 Nd6 26. Qf2 Nc4 27. Bd4 Re8 28. e3
Rec8 29. Rfc1 Bf7 30. Bf1 a6 31. Be2 Nd6 32. Bb6 Be6 33. Qf1 Nc4 34. Bc5 Qf7
35. Rd1 Re8 36. Kf2 Rad8 37. Rd4 g5 38. Qh3 Qf6 39. Qf1 gxf4 40. exf4 e3+ 41.
Kg2 Nd2 42. Qd1 Bc8 43. Qc2 Re6 44. Rd3 Nc4 45. Bd4 Qf7 46. Re1 Rde8 47. Qc1
Re4 48. Rdd1 Nd2 49. Qc2 Qe7 50. Bd3 Qe6 51. Bxe4 fxe4 52. Rxe3 Qh3+ 53. Kg1
Nc4 54. Qg2 Nxe3 55. Bxe3 Qh5 56. Rd2 Bg4 57. Qf1 Bc8 58. Qe2 Qg6 59. Kg2 h5
60. h3 Kf7 61. Bd4 Rg8 62. Qf2 Qf5 63. Kh2 Qxh3+ 64. Kg1 Rxg3+ 0-1

[Event "Miedzynarodowy Turniej Szachowy w Kowale"]
[Site "UKS Orlik Kowalewo Pomorskie"]
[Date "2008.07.07"]
[Round "4.1"]
[White "Murawski, Wieslaw"]
[Black "Budrewicz, Krzysztof"]
[Result "1-0"]
[WhiteElo "2097"]
[BlackElo "2333"]
[PlyCount "79"]
[EventDate "2008.??.??"]

1. e4 c5 2. Nf3 d6 3. d4 cxd4 4. Nxd4 Nf6 5. Nc3 a6 6. Bg5 e6 7. f4 Qc7 8. Qf3
h6 9. Bxf6 gxf6 10. f5 Qc5 11. O-O-O Nc6 12. Nb3 Qe5 13. Bd3 h5 14. Rhe1 Bh6+
15. Kb1 Qf4 16. Qe2 Qg4 17. Qf2 Bf4 18. g3 Be5 19. Be2 Qg5 20. Na4 b5 21. Qb6
Ne7 22. Nac5 O-O 23. Nd3 exf5 24. Nxe5 dxe5 25. Nc5 Ng6 26. h4 Qxg3 27. Bxh5
Kg7 28. Rg1 Qf4 29. Qc7 Kh6 30. Bxg6 fxg6 31. Qe7 Rg8 32. Qxf6 Ra7 33. h5 fxe4
34. Qb6 Rag7 35. Rh1 Bg4 36. hxg6+ Bh5 37. Ne6 Qf3 38. Nxg7 Rxg7 39. Rdg1 Qf8
40. Qe6 1-0

[Event "Miedzynarodowy Turniej Szachowy w Kowale"]
[Site "UKS Orlik Kowalewo Pomorskie"]
[Date "2008.07.07"]
[Round "4.2"]
[White "Maciejewski, Miroslaw"]
[Black "Kuchnio, Przemyslaw"]
[Result "1-0"]
[WhiteElo "2295"]
[BlackElo "2091"]
[PlyCount "78"]
[EventDate "2008.??.??"]

1. Nf3 d5 2. b3 Nf6 3. Bb2 e6 4. e3 Be7 5. c4 O-O 6. Nc3 Nbd7 7. d4 b6 8. Bd3
Bb7 9. Qc2 Re8 10. O-O Rc8 11. Ne5 g6 12. f4 c6 13. Rad1 Bd6 14. e4 dxe4 15.
Nxe4 Nxe4 16. Bxe4 Nf6 17. Bf3 Rc7 18. g4 Nd7 19. Qg2 Bf8 20. Nxc6 Qa8 21. Ne5
Bxf3 22. Qxf3 Qc8 23. f5 Nxe5 24. dxe5 b5 25. fxg6 hxg6 26. cxb5 Rd8 27. Rd6
Bg7 28. Rfd1 Re8 29. Rc6 Qb7 30. Kg2 Rce7 31. a4 Qb8 32. Qe4 Rb7 33. Qd4 Rb6
34. Rdc1 Rb7 35. h3 Kh7 36. Rd6 Rc8 37. Rcc6 Re8 38. Bc3 Kg8 39. Kg1 Rbe7 {
zapis nieczytelny} 1-0

[Event "Miedzynarodowy Turniej Szachowy w Kowale"]
[Site "UKS Orlik Kowalewo Pomorskie"]
[Date "2008.07.07"]
[Round "4.3"]
[White "Jaroch, Karol"]
[Black "Walkusz, Witoslaw"]
[Result "1-0"]
[WhiteElo "2158"]
[BlackElo "2151"]
[PlyCount "99"]
[EventDate "2008.??.??"]

1. c4 f5 2. Nc3 Nf6 3. g3 g6 4. Bg2 Bg7 5. d4 d6 6. Nh3 O-O 7. O-O Qe8 8. Nd5
Na6 9. Bg5 e5 10. Nxf6+ Bxf6 11. Bxf6 Rxf6 12. a3 Rb8 13. b4 b5 14. Rc1 c6 15.
cxb5 cxb5 16. Bc6 Qe7 17. Bxb5 Nc7 18. Bc4+ Kg7 19. d5 f4 20. Ng5 fxg3 21. hxg3
Rf5 22. f4 h6 23. Nf3 exf4 24. Qd4+ Kh7 25. gxf4 Rh5 26. Kf2 Bg4 27. Rh1 Nb5
28. Bxb5 Rxb5 29. Rxh5 Bxh5 30. Qd3 Rb7 31. Qe3 Qf7 32. Rc8 Bxf3 33. Qc3 Qg7
34. Qxg7+ Kxg7 35. Kxf3 a5 36. Rd8 axb4 37. axb4 Rb6 38. e4 Kf6 39. Re8 Rxb4
40. Re6+ Kf7 41. Rxd6 Rb5 42. Kf2 h5 43. Rd7+ Ke8 44. Rg7 Rb6 45. e5 Kf8 46.
Rh7 Rb2+ 47. Kg3 Rd2 48. d6 Rd4 49. d7 Kg8 50. Re7 1-0

[Event "Miedzynarodowy Turniej Szachowy w Kowale"]
[Site "UKS Orlik Kowalewo Pomorskie"]
[Date "2008.07.07"]
[Round "4.4"]
[White "Nguyen, Piotr"]
[Black "Krasiewicz, Robert"]
[Result "1/2-1/2"]
[WhiteElo "2329"]
[BlackElo "2136"]
[PlyCount "30"]
[EventDate "2008.??.??"]

1. c4 e5 2. Nc3 f5 3. d4 Nc6 4. d5 Nce7 5. e4 d6 6. Bd3 Nf6 7. Bg5 f4 8. h4 Bg4
9. f3 Bh5 10. g3 fxg3 11. Bf1 h6 12. Be3 Ng6 13. Nce2 Be7 14. Qa4+ Kf7 15. Nxg3
Nf4 1/2-1/2

[Event "Miedzynarodowy Turniej Szachowy w Kowale"]
[Site "UKS Orlik Kowalewo Pomorskie"]
[Date "2008.07.07"]
[Round "4.5"]
[White "Khamitskiy, Sergei"]
[Black "Rogala, Robert"]
[Result "1-0"]
[WhiteElo "2324"]
[BlackElo "2007"]
[PlyCount "92"]
[EventDate "2008.??.??"]

1. d4 Nf6 2. c4 g6 3. Nc3 Bg7 4. e4 d6 5. h3 O-O 6. Nf3 Nc6 7. Bg5 Qe8 8. Be2
a6 9. g4 e5 10. d5 Ne7 11. Nd2 Nd7 12. Rg1 f6 13. Be3 Kh8 14. h4 f5 15. f3 f4
16. Bf2 Ng8 17. b4 b6 18. Nb3 Bf6 19. Rb1 Be7 20. Rh1 Rf7 21. Kf1 Qf8 22. c5 g5
23. cxb6 cxb6 24. hxg5 Bxg5 25. Bd3 Ngf6 26. Rc1 h5 27. Ke2 Rh7 28. gxh5 Nxh5
29. Kd2 Ng3 30. Rxh7+ Kxh7 31. Ne2 Qh6 32. Qg1 Kh8 33. Rc6 Nf6 34. Kc2 Nxe2 35.
Bxe2 Qh5 36. Nd2 b5 37. Rxd6 Bd7 38. Kb2 a5 39. bxa5 Rxa5 40. Nb3 Ra8 41. Nc5
Be8 42. Re6 Bg6 43. Rxe5 Nxe4 44. Nxe4 Bf6 45. Bd4 Bxe4 46. Bd3 Re8 {
zapis nieczytelny} 1-0

[Event "Miedzynarodowy Turniej Szachowy w Kowale"]
[Site "UKS Orlik Kowalewo Pomorskie"]
[Date "2008.07.07"]
[Round "4.6"]
[White "Zielinski, Stanislaw"]
[Black "Jaroch, Pawel"]
[Result "0-1"]
[WhiteElo "2145"]
[BlackElo "2255"]
[PlyCount "44"]
[EventDate "2008.??.??"]

1. e4 c6 2. d4 d5 3. f3 e6 4. Be3 dxe4 5. Nd2 exf3 6. Ngxf3 Nf6 7. Bd3 Nbd7 8.
Bf2 c5 9. c3 cxd4 10. cxd4 b6 11. O-O Be7 12. Bb5 Bb7 13. Ne5 O-O 14. Bc6 Qc7
15. Rc1 Nxe5 16. dxe5 Bxc6 17. exf6 Bxf6 18. Ne4 Be7 19. Qc2 Rac8 20. Bd4 Qd7
21. Bc3 Qd5 22. Ng3 Qg5 0-1

[Event "Miedzynarodowy Turniej Szachowy w Kowale"]
[Site "UKS Orlik Kowalewo Pomorskie"]
[Date "2008.07.07"]
[Round "4.7"]
[White "Paprocki, Jaroslaw"]
[Black "Tarkowski, Michal"]
[Result "1-0"]
[WhiteElo "2218"]
[BlackElo "2073"]
[PlyCount "45"]
[EventDate "2008.??.??"]

1. d4 d5 2. Nf3 Nf6 3. c4 dxc4 4. e3 e6 5. Bxc4 a6 6. a4 c5 7. O-O Nc6 8. Qe2
Be7 9. Nc3 O-O 10. Rd1 Qc7 11. dxc5 Bxc5 12. h3 b6 13. e4 Bb7 14. e5 Nd7 15.
Bf4 Rfd8 16. Rac1 Nf8 17. Rxd8 Rxd8 18. Ne4 Nd4 19. Nxd4 Rxd4 20. Nxc5 bxc5 21.
Be3 Qxe5 22. Bxd4 Qg5 23. f4 1-0

[Event "Miedzynarodowy Turniej Szachowy w Kowale"]
[Site "UKS Orlik Kowalewo Pomorskie"]
[Date "2008.07.07"]
[Round "4.8"]
[White "Zurkowski, Andrzej"]
[Black "Marchlewicz, Kamil"]
[Result "1/2-1/2"]
[WhiteElo "2062"]
[BlackElo "2045"]
[PlyCount "77"]
[EventDate "2008.??.??"]

1. d4 d5 2. c4 c6 3. Nc3 Nf6 4. Nf3 a6 5. cxd5 cxd5 6. Bf4 Nc6 7. e3 e6 8. Rc1
Bd6 9. Bg3 O-O 10. Bd3 Re8 11. O-O Bxg3 12. hxg3 Bd7 13. Ne5 Ne7 14. f4 Nf5 15.
Qf3 h5 16. Bxf5 exf5 17. Nxd5 Nxd5 18. Qxd5 Be6 19. Qxd8 Raxd8 20. b3 f6 21.
Nd3 Bd5 22. Kf2 Re7 23. Rc3 Rde8 24. Re1 b6 25. Nb2 g5 26. Nc4 gxf4 27. gxf4
Rg7 28. Nd6 Rxg2+ 29. Kf1 Re6 30. Nxf5 Rxa2 31. Rc8+ Kh7 32. Rec1 Kg6 33. Nh4+
Kf7 34. Rh8 Rxe3 35. Rc7+ Ke6 36. Rhh7 Bg2+ 37. Nxg2 Rf3+ 38. Kg1 Rg3 39. Rce7+
1/2-1/2

[Event "Miedzynarodowy Turniej Szachowy w Kowale"]
[Site "UKS Orlik Kowalewo Pomorskie"]
[Date "2008.07.07"]
[Round "4.9"]
[White "Kubicki, Marek"]
[Black "Plichta, Kamil"]
[Result "1-0"]
[WhiteElo "2154"]
[BlackElo "2014"]
[PlyCount "47"]
[EventDate "2008.??.??"]

1. e4 c5 2. Nf3 d6 3. Bc4 g6 4. c3 Nf6 5. O-O Nxe4 6. Qa4+ Nc6 7. Bxf7+ Kxf7 8.
Qxe4 Bh6 9. Qh4 Kg7 10. d4 Bxc1 11. Rxc1 e5 12. Qg3 e4 13. Ng5 Bf5 14. d5 Ne5
15. Re1 Qg8 16. Nd2 Qxd5 17. Ndxe4 Rad8 18. Rad1 Bxe4 19. Rxd5 Bxd5 20. f4 Nc6
21. c4 Bf7 22. Qc3+ Nd4 23. Re7 Rd7 24. Rxd7 1-0

[Event "Miedzynarodowy Turniej Szachowy w Kowale"]
[Site "UKS Orlik Kowalewo Pomorskie"]
[Date "2008.07.07"]
[Round "4.10"]
[White "Kobus, Maciej"]
[Black "Wisniewski, Adam"]
[Result "0-1"]
[WhiteElo "2004"]
[BlackElo "2090"]
[PlyCount "46"]
[EventDate "2008.??.??"]

1. b3 e5 2. Bb2 Nc6 3. e3 Nf6 4. c4 d5 5. d3 Bb4+ 6. Nd2 dxc4 7. bxc4 O-O 8.
Qc2 Bf5 9. O-O-O Qe7 10. f3 Ba3 11. Bxa3 Qxa3+ 12. Qb2 Qd6 13. g4 Be6 14. g5
Nd7 15. Ne4 Qe7 16. h4 Bf5 17. Ng3 Be6 18. Ne4 Nb6 19. c5 Nd5 20. Kd2 b6 21.
Qa3 Ndb4 22. d4 exd4 23. exd4 Rfd8 0-1

[Event "Miedzynarodowy Turniej Szachowy w Kowale"]
[Site "UKS Orlik Kowalewo Pomorskie"]
[Date "2008.07.07"]
[Round "4.11"]
[White "Flazinski, Jozef"]
[Black "Krzywkowski, Marcin"]
[Result "1-0"]
[WhiteElo "2036"]
[BlackElo "1909"]
[PlyCount "61"]
[EventDate "2008.??.??"]

1. e4 e5 2. Nf3 Nc6 3. d4 exd4 4. Nxd4 Bc5 5. Be3 Qf6 6. c3 Nge7 7. g3 d5 8.
Bg2 dxe4 9. Nd2 Nxd4 10. Nxe4 Qg6 11. Bxd4 Bxd4 12. Qxd4 O-O 13. O-O Nc6 14.
Qe3 Bf5 15. Nc5 Rfe8 16. Qf4 Ne5 17. Rfd1 c6 18. Nxb7 Nd3 19. Qd4 Nxb2 20. Rd2
Nd3 21. Rad1 Ne5 22. Qf4 Nd3 23. Qd4 Ne1 24. Nd6 h6 25. Nxe8 Rxe8 26. Qd6 Re6
27. Qb8+ Kh7 28. Qf4 Qh5 29. Rd4 Nxg2 30. Kxg2 Re4 31. g4 1-0

[Event "Miedzynarodowy Turniej Szachowy w Kowale"]
[Site "UKS Orlik Kowalewo Pomorskie"]
[Date "2008.07.07"]
[Round "4.12"]
[White "Sosnowski, Daniel"]
[Black "Staroszczyk, Mateusz"]
[Result "1-0"]
[WhiteElo "1959"]
[BlackElo "2027"]
[PlyCount "71"]
[EventDate "2008.??.??"]

1. e4 c5 2. Nf3 g6 3. Nc3 Bg7 4. d4 cxd4 5. Nxd4 Nc6 6. Nxc6 bxc6 7. Bc4 d6 8.
Qf3 e6 9. Bf4 Ne7 10. O-O Bb7 11. Rad1 d5 12. Bg5 O-O 13. Rfe1 d4 14. Na4 e5
15. Qa3 c5 16. Nxc5 Bc8 17. Bd5 Rb8 18. Na6 Bxa6 19. Bxe7 Qc8 20. Bxf8 Bxf8 21.
Qf3 Qc7 22. Rb1 Bh6 23. Bb3 Kg7 24. Red1 Qd7 25. Bd5 f5 26. c4 Qa4 27. b3 Qb4
28. exf5 Rf8 29. g4 Bf4 30. Kh1 g5 31. h4 Rf6 32. h5 Rd6 33. Kg1 Bc8 34. Qe4
Qc3 35. Qd3 Ra6 36. a4 1-0

[Event "Miedzynarodowy Turniej Szachowy w Kowale"]
[Site "UKS Orlik Kowalewo Pomorskie"]
[Date "2008.07.07"]
[Round "4.13"]
[White "Klugiewicz, Jozef"]
[Black "Zebracki, Jaroslaw"]
[Result "1-0"]
[WhiteElo "1999"]
[BlackElo "1906"]
[PlyCount "101"]
[EventDate "2008.??.??"]

1. Nf3 d5 2. c4 e6 3. b3 Nf6 4. g3 Ne4 5. Bb2 Bc5 6. e3 O-O 7. Bg2 c6 8. O-O
Nd7 9. d3 Nef6 10. Qe2 Re8 11. e4 dxe4 12. dxe4 e5 13. Rd1 Qc7 14. Nc3 a5 15.
a3 Nf8 16. Na4 Ba7 17. c5 Ng6 18. b4 Be6 19. Nd2 axb4 20. axb4 b5 21. Nc3 Qb7
22. Ra3 Bb8 23. Rda1 Rxa3 24. Rxa3 Bc7 25. Qe1 Ra8 26. Rxa8+ Qxa8 27. Qa1 Qxa1+
28. Bxa1 Nd7 29. h4 f6 30. Nd1 Nb8 31. Ne3 Nf8 32. Kh2 Kf7 33. h5 g6 34. Bf3
Ba2 35. Bg4 Be6 36. Bd1 Ke7 37. Bc3 Bf7 38. h6 Kd7 39. Ng4 Ke7 40. f4 exf4 41.
Bxf6+ Ke8 42. Be5 fxg3+ 43. Kxg3 Kd8 44. Bxc7+ Kxc7 45. Nf3 Nbd7 46. Ng5 Bg8
47. e5 Ne6 48. Bb3 Nxg5 49. Bxg8 Kd8 50. Kf4 Nh3+ 51. Ke4 1-0

[Event "Miedzynarodowy Turniej Szachowy w Kowale"]
[Site "UKS Orlik Kowalewo Pomorskie"]
[Date "2008.07.07"]
[Round "5.1"]
[White "Jaroch, Karol"]
[Black "Maciejewski, Miroslaw"]
[Result "1/2-1/2"]
[WhiteElo "2158"]
[BlackElo "2295"]
[PlyCount "21"]
[EventDate "2008.??.??"]

1. e4 e5 2. Nf3 Nc6 3. Bb5 a6 4. Ba4 Nf6 5. O-O Be7 6. Re1 b5 7. Bb3 O-O 8. c3
d5 9. exd5 Nxd5 10. d4 exd4 11. cxd4 1/2-1/2

[Event "Miedzynarodowy Turniej Szachowy w Kowale"]
[Site "UKS Orlik Kowalewo Pomorskie"]
[Date "2008.07.07"]
[Round "5.2"]
[White "Jaroch, Pawel"]
[Black "Murawski, Wieslaw"]
[Result "1/2-1/2"]
[WhiteElo "2255"]
[BlackElo "2097"]
[PlyCount "21"]
[EventDate "2008.??.??"]

1. d4 Nf6 2. c4 g6 3. Nc3 Bg7 4. e4 d6 5. Nf3 O-O 6. Be2 e5 7. dxe5 dxe5 8.
Qxd8 Rxd8 9. Bg5 Nbd7 10. O-O-O Rf8 11. h3 1/2-1/2

[Event "Miedzynarodowy Turniej Szachowy w Kowale"]
[Site "UKS Orlik Kowalewo Pomorskie"]
[Date "2008.07.07"]
[Round "5.3"]
[White "Budrewicz, Krzysztof"]
[Black "Khamitskiy, Sergei"]
[Result "1-0"]
[WhiteElo "2333"]
[BlackElo "2324"]
[PlyCount "73"]
[EventDate "2008.??.??"]

1. d4 d5 2. Nf3 Nf6 3. c4 dxc4 4. Nc3 a6 5. a4 Nc6 6. e4 Bg4 7. e5 Nd5 8. Bxc4
e6 9. Nxd5 exd5 10. Be2 Be7 11. h3 Bf5 12. O-O O-O 13. Be3 f6 14. Rc1 Qd7 15.
Qb3 Rab8 16. Rfd1 Be6 17. Qc2 Kh8 18. Bd3 g6 19. Bh6 Rf7 20. Qe2 Re8 21. Bb1
Bf8 22. Bf4 Bg7 23. Re1 Bf5 24. Qd2 Bxb1 25. Rxb1 fxe5 26. dxe5 Qf5 27. Bg3 Rd7
28. Rbd1 d4 29. b4 Nxe5 30. Nxe5 Bxe5 31. f4 b6 32. b5 axb5 33. axb5 Rd5 34.
Rxe5 Rexe5 35. fxe5 Qd7 36. Qf2 d3 37. Qf8# 1-0

[Event "Miedzynarodowy Turniej Szachowy w Kowale"]
[Site "UKS Orlik Kowalewo Pomorskie"]
[Date "2008.07.07"]
[Round "5.4"]
[White "Kuchnio, Przemyslaw"]
[Black "Nguyen, Piotr"]
[Result "0-1"]
[WhiteElo "2091"]
[BlackElo "2329"]
[PlyCount "128"]
[EventDate "2008.??.??"]

1. c4 b6 2. Nf3 Bb7 3. g3 Bxf3 4. exf3 c5 5. d4 cxd4 6. Qxd4 Nc6 7. Qd3 e6 8.
Nc3 Rc8 9. Be2 Bb4 10. O-O Ne5 11. Qe4 d6 12. f4 Bxc3 13. bxc3 Nf6 14. Qb1 Ned7
15. Rd1 Nc5 16. Qb5+ Ke7 17. Be3 Qd7 18. Qb4 Nb7 19. g4 h5 20. g5 Ne4 21. f3
Nec5 22. Bd4 f6 23. f5 e5 24. Bxc5 Rxc5 25. Bd3 fxg5 26. h4 g4 27. f4 exf4 28.
Be4 Na5 29. Rd4 Nc6 30. Bxc6 Qxc6 31. Re1+ Kf7 32. Rxf4 a5 33. Qb3 Re5 34. Rd1
Qc5+ 35. Rfd4 Rhe8 36. Qa4 Re1+ 37. Rxe1 Rxe1+ 38. Kf2 Qe5 39. Qd7+ Kg8 40.
Qe6+ Qxe6 41. fxe6 Rxe6 42. Rd5 g6 43. Rb5 Re4 44. Rxb6 Rxc4 45. Rxd6 Kg7 46.
Rd3 Rf4+ 47. Kg3 Ra4 48. Rd2 Kh6 49. Kg2 Rc4 50. Rd3 Re4 51. Rd2 Ra4 52. Kh2
Rc4 53. Rd3 Rc6 54. Kg2 a4 55. Rd4 a3 56. c4 Rb6 57. Rd3 Rb2+ 58. Kg3 Rxa2 59.
Rc3 Ra1 60. Kg2 g5 61. hxg5+ Kxg5 62. c5 a2 63. Ra3 Rc1 64. Rxa2 Rxc5 0-1

[Event "Miedzynarodowy Turniej Szachowy w Kowale"]
[Site "UKS Orlik Kowalewo Pomorskie"]
[Date "2008.07.07"]
[Round "5.5"]
[White "Walkusz, Witoslaw"]
[Black "Paprocki, Jaroslaw"]
[Result "0-1"]
[WhiteElo "2151"]
[BlackElo "2218"]
[PlyCount "68"]
[EventDate "2008.??.??"]

1. e4 e5 2. Nf3 Nc6 3. Bb5 Bc5 4. O-O Nf6 5. d3 Nd4 6. Nxd4 Bxd4 7. c3 Bb6 8.
h3 c6 9. Ba4 h6 10. Qf3 d6 11. Bb3 Be6 12. Nd2 Bc7 13. Nc4 Qd7 14. Be3 d5 15.
Nd2 Qd6 16. Qg3 g5 17. d4 Qd7 18. dxe5 Nh5 19. Qh2 O-O-O 20. g4 Nf4 21. Bxf4
gxf4 22. Qxf4 h5 23. f3 f6 24. exd5 cxd5 25. Qa4 Qh7 26. g5 Bb6+ 27. Kg2 Qf5
28. Qh4 fxg5 29. Qg3 Be3 30. Rad1 Bf4 31. Qf2 Qxh3+ 32. Kg1 g4 33. Qg2 Be3+ 34.
Rf2 g3 0-1

[Event "Miedzynarodowy Turniej Szachowy w Kowale"]
[Site "UKS Orlik Kowalewo Pomorskie"]
[Date "2008.07.07"]
[Round "5.6"]
[White "Krasiewicz, Robert"]
[Black "Kubicki, Marek"]
[Result "1/2-1/2"]
[WhiteElo "2136"]
[BlackElo "2154"]
[PlyCount "49"]
[EventDate "2008.??.??"]

1. d4 d5 2. c4 c6 3. Nc3 Nf6 4. Nf3 a6 5. cxd5 cxd5 6. g3 Nc6 7. Bg2 Bf5 8. O-O
e6 9. Bg5 Be7 10. Ne5 Nxe5 11. dxe5 Nd7 12. Bxe7 Qxe7 13. e4 dxe4 14. Nxe4 Bxe4
15. Bxe4 Nxe5 16. Qa4+ Qd7 17. Qb4 Nc6 18. Bxc6 bxc6 19. Rfd1 Qe7 20. Qd6 Qxd6
21. Rxd6 Ke7 22. Rxc6 Rhd8 23. Rac1 Rd2 24. Rc7+ Rd7 25. R1c3 1/2-1/2